| 000 | 00708nam a22002177a 4500 | ||
|---|---|---|---|
| 003 | OSt | ||
| 005 | 20131031134711.0 | ||
| 008 | 130619s1988 xxu||||| |||| 00| 0deng d | ||
| 020 | _a0890963398 | ||
| 040 | _cCDMR | ||
| 100 | 1 |
_93838 _aDunn, William J. |
|
| 245 |
_aPacific microphone _cWilliam J. Dunn ; foreword by Mike Wallace |
||
| 260 |
_aCollege Station _bTexas A&M University Press _c1988 |
||
| 300 | _a399 p. | ||
| 490 |
_aTexas A&M University military history series _v8 |
||
| 600 | 1 |
_93838 _aDunn, William J. |
|
| 650 | 0 | 4 |
_93678 _aCorresponsals de guerra _vRelats personals |
| 650 | 0 | 4 |
_93836 _aPeriodistes _zEstats Units d'Amèrica |
| 650 | 0 | 4 |
_93587 _aGuerra Mundial II, 1939-1945 |
| 942 |
_2udc _cMON |
||
| 999 |
_c6496 _d6496 |
||